000
00209 a2200097 4500
001
900
100
_a
Glasgow,R.S
245
_a
Principles of radio engineering
260
_a
_b
Mcgrawhill
_c
090
_c
490
_d
490
942
_a
NUST-CAE
_c
M
_c
31267
999
_c
235973
_d
235973